[Event "Sharjah Master 2024"]
[Site "Shsrjah - Abu Dhabi"]
[Date "2024.05.22"]
[Round "9.1"]
[White "Shankland, Sam"]
[Black "Murzin, Volodar"]
[Result "1/2-1/2"]
[WhiteElo "2671"]
[BlackElo "2631"]
[PlyCount "49"]
[EventDate "2024.05.14"]
[EventCountry "UAE"]

{[%evp 11,49,0,7,-4,18,14,18,16,20,21,25,19,21,23,22,22,21,6,19,12,12,8,12,-19,-5,-33,-41,-26,-33,-37,-18,-20,-18,-22,-22,-23,-18,-18,-26,-23]} 1. Nf3 d5 2. g3 g6 3. Bg2 Bg7 4. O-O e5 5. d3 Nc6 6. e4 Nge7 ({RR} 6... dxe4 7. dxe4 Qxd1 8. Rxd1 Bg4 9. c3 Nf6 10. h3 Be6 11. Ng5 Bd7 12. Nd2 h6 13. Ngf3 O-O-O 14. Re1 ({RR} 14. b4 Be6 15. Bb2 Nd7 16. a4 a5 17. b5 Ncb8 18. c4 f6 19. Nh4 Bf7 20. f4 Nc5 21. fxe5 fxe5 22. Rf1 Be8 23. Bc3 {[#]} b6 $1 24. Nhf3 Rd3 25. Rfc1 Rf8 26. Bb2 g5 27. Rc3 Rd6 28. Nb3 Nbd7) 14... Be6 15. Bf1 Nd7 16. Nb3 a5 17. Be3 a4 18. Nbd2 Bf8 19. b4 axb3 20. axb3 Bc5 21. Bxc5 {Carlsen,M (2828)-Wei,Y (2758) Warsaw, Poland 2024 1-0 (58)}) 7. c3 $146 ({RR} 7. c4 dxe4 8. dxe4 Qxd1 9. Rxd1 Bg4 10. Re1 O-O-O 11. Nc3 Nb4 12. Re2 Nec6 13. Nd5 Bxf3 14. Bxf3 Nxd5 15. cxd5 Nd4 16. Kg2 Nxe2 17. Bxe2 f5 18. Bg5 Rd6 19. Rc1 fxe4 20. Be7 $2 (20. Bg4+ Kb8 21. Be6) 20... Rxd5 21. Bc4 Rd2 {Olsen,F (2454)-Durarbayli,V (2627) chess.com INT 2024 0-1 (34)}) ({RR} 7. Nc3 d4 8. Nd5 O-O 9. Re1 Be6 10. Nxe7+ Qxe7 11. Ng5 Bd7 12. f4 a5 13. Bd2 a4 14. c4 (14. a3 $15) 14... dxc3 15. bxc3 exf4 (15... b5 $17) 16. gxf4 Bxc3 17. Bxc3 Qc5+ 18. d4 Qxc3 19. d5 $1 {[%cal Rd5c6]} Qd4+ 20. Qxd4 Nxd4 21. Rab1 (21. Rad1 $5 {[%cal Rd1d4]} Nb5 22. e5 $11) 21... b5 {Solcan,M (2182)-Hrabusa,M (2346) Slovakia SVK 2024 0-1 (43)}) ({RR} 7. exd5 Nxd5 8. Nbd2 O-O 9. Nc4 Re8 10. Re1 Bf5 11. Bg5 Qd7 12. Qd2 b5 13. Ne3 Be6 14. Nxd5 Bxd5 15. c4 Bxf3 $1 16. Bxf3 Nd4 17. Bg2 bxc4 18. dxc4 Rab8 19. Be3 e4 20. Rad1 c5 21. Bxd4 Qxd4 {Gaboyan,S (2179)-Zhai Mo (2339) Samarkand UZB 2023 0-1 (43)}) 7... dxe4 8. dxe4 Qxd1 9. Rxd1 {The position is equal.} Be6 10. Na3 f6 11. Be3 Kf7 12. Bf1 a6 13. Nc4 Rhd8 14. Rdc1 Ng8 15. b4 Bh6 16. a4 a5 17. b5 Nb8 18. b6 c6 $1 19. Bxh6 Nxh6 20. Nfd2 Ke7 21. Nb3 $1 Bxc4 22. Bxc4 Nd7 23. Rcb1 Nxb6 {[#]} 24. Nxa5 $1 {[%mdl 512]} Rxa5 25. Rxb6 {Accuracy: White = 83%, Black = 89%.} 1/2-1/2

[Event "Sharjah Master 2024"]
[Site "Shsrjah - Abu Dhabi"]
[Date "2024.05.22"]
[Round "?"]
[White "Erigaisi Arjun"]
[Black "Daneshvar, Bardiya"]
[Result "1/2-1/2"]
[WhiteElo "2761"]
[BlackElo "2581"]
[PlyCount "95"]
[EventDate "2024.05.14"]
[EventCountry "UAE"]

{[%evp 9,95,17,17,15,27,27,30,20,20,9,11,15,7,11,23,-4,40,43,57,59,56,58,64,56,51,20,20,13,17,3,4,3,4,3,5,-4,-5,-3,0,-3,-3,-26,-28,-27,-32,-28,-28,-121,-121,-114,-15,-21,0,-9,0,0,13,14,20,25,30,37,42,35,33,34,37,45,46,11,7,0,0,-3,0,-2,-1,-1,0,0,0,-2,0,0,0,0,0,0]} 1. e4 e5 2. Nf3 Nc6 3. Bb5 Nf6 4. d3 Bc5 5. c3 O-O 6. O-O Re8 7. Bg5 ({RR} 7. Nbd2 d5 8. exd5 a6 9. Bxc6 bxc6 10. Nb3 Qxd5 11. c4 Qd6 12. Nxc5 Qxc5 13. d4 exd4 14. Qxd4 Qh5 15. Bg5 Bg4 16. Bxf6 Bxf3 17. gxf3 Qg6+ 18. Kh1 Qxf6 19. Qxf6 gxf6 20. Rfe1 Rad8 21. Kg2 Kf8 {Carlsen,M (2830)-So,W (2757) chess.com INT 2024 ½-½ (42)}) 7... a6 8. Bxc6 $146 {White has an edge.} ({RR} 8. Ba4 h6 9. Bh4 b5 10. Bb3 Be7 11. a4 Bb7 12. Na3 Bxa3 13. Rxa3 d6 14. axb5 axb5 15. Rxa8 Bxa8 16. Ba2 Qe7 17. h3 Nd8 18. Re1 Ne6 19. d4 Nf8 20. Qd3 Rb8 21. dxe5 dxe5 22. Bg3 Ng6 {Perunovic,M (2533)-Schreiner,P (2393) Austria AUT 2024 ½-½ (32)}) ({RR} 8. Ba4 h6 9. Bh4 g5 10. Bg3 d6 11. Re1 b5 12. Bb3 Ne7 (12... Bb6 $11) 13. a4 Bb7 14. Nbd2 Ng6 15. h3 Qd7 16. Nf1 Kg7 17. Ne3 Bxe3 $1 18. fxe3 c5 19. Nd2 d5 20. exd5 Bxd5 21. Rf1 Qc6 22. Bxd5 Qxd5 {Kairbekova,A (2230)-Yakubbaeva,N (2307) Tashkent UZB 2024 ½-½ (48)}) ({RR} 8. Ba4 h6 9. Bh4 g5 10. Bg3 b5 11. Bb3 d6 12. Re1 Bb6 13. Nbd2 Ne7 14. a4 Rb8 15. Nf1 Ng6 16. h4 g4 ({Black should play} 16... Ng4 $15 17. hxg5 hxg5) 17. N3h2 Nh5 18. Nxg4 Nxg3 19. Qf3 $2 (19. Nxg3 $14 {was the only good move.} Qxh4 20. Ne3) 19... Bxg4 $2 (19... Nxh4 $17 20. Qxf7+ Kh8 21. Nxh6 Nxf1 22. Rxf1 bxa4) 20. Qxg4 Qf6 21. Qxg3 $2 (21. Ne3 $1 $16 {is forced if you want to stay better.}) 21... Kh8 $1 22. Ne3 {[#]} Bxe3 $2 {Smeets,K (2239)-Francs,M (1990) Groningen NED 2023 1-0 (66)} (22... Rg8 $1 $17 {stays on course.} 23. Nd5 Qd8)) 8... dxc6 9. h3 Bf8 10. Re1 Qd6 11. d4 Nd7 12. Bh4 Qg6 13. Bg3 {[%cal Rg3e5]} exd4 14. Nh4 Qg5 15. cxd4 Bd6 16. Bxd6 cxd6 17. Nf5 d5 18. Nc3 Nf6 19. Ng3 dxe4 20. Ncxe4 Nxe4 21. Nxe4 Qd8 22. Qh5 h6 23. Re3 Be6 24. Rg3 {And now Qxh6 would win.} Kh8 25. Qe5 {[%csl Gg3][%cal Re5g7]} f6 26. Qc5 b6 27. Qc3 Qd5 28. Re3 $6 {[#] Inaccuracy. Qd3 was best.} (28. Qd3 Bf7 29. Nc3 Qd6 30. b3 Re7 31. Re3 Rxe3 32. Qxe3 Re8 33. Qd3 a5) (28. Qd3 $11 Bf5 29. Nc3 Bxd3 30. Nxd5 cxd5 31. Rxd3) 28... Bxh3 $1 $17 {[%mdl 512]} 29. Rae1 {[#]} (29. Rxh3 Rxe4) 29... Bd7 $6 {Inaccuracy. Bxg2 was best.} (29... Bxg2 30. Nxf6) ({Black should try} 29... Bxg2 $1 $17 {[%mdl 512]} 30. Nxf6 (30. Kxg2 f5) 30... Rxe3 31. Nxd5 Rxc3 32. Nxc3 Bf3) 30. Qb4 $11 Rab8 31. Nc3 Qf7 32. Rxe8+ Bxe8 33. Qd6 Rc8 34. Na4 c5 35. Nxb6 Rc6 36. Qb8 Re6 37. Rxe6 Qxe6 38. dxc5 Kh7 39. Kh2 Qe4 {The position is equal.} 40. Qg3 Qf5 41. Nc4 Qh5+ 42. Qh3 {Black must now prevent Qxh5.} Qxc5 {[%mdl 64] Double Attack} 43. Qd3+ Bg6 44. Qe2 Qd4 {Threatens to win with ...Bd3.} 45. b3 Qf4+ 46. g3 Qd4 47. Ne3 a5 48. Ng2 {Accuracy: White = 89%, Black = 90%.} 1/2-1/2

[Event "Sharjah Master 2024"]
[Site "Shsrjah - Abu Dhabi"]
[Date "2024.05.22"]
[Round "?"]
[White "Suleymanli, Aydin"]
[Black "Sarana, Alexey"]
[Result "1/2-1/2"]
[WhiteElo "2621"]
[BlackElo "2706"]
[PlyCount "40"]
[EventDate "2024.05.14"]
[EventCountry "UAE"]

{[%evp 13,40,9,8,7,8,-5,8,8,14,8,17,14,17,15,17,17,21,16,18,13,17,17,24,19,15,15,21,0,0]} 1. e4 c5 2. Nf3 d6 3. d4 cxd4 4. Nxd4 Nf6 5. Nc3 a6 6. Bd3 g6 7. O-O Bg7 8. Re1 ({RR} 8. Qe2 O-O 9. Bd2 Nc6 10. Nb3 Be6 11. f4 b5 12. f5 Bxb3 13. axb3 Ne5 14. Kh1 Qc7 15. fxg6 hxg6 16. Bf4 e6 17. Bxe5 dxe5 18. Nd1 Nh5 19. g3 f5 20. Rf3 f4 (20... Bh6 $17) 21. g4 Nf6 22. h3 $2 (22. g5 $16) 22... Nd7 {Khazhatuly,A (1958)-Schut,H (2091) chess.com INT 2024 1-0 (84)} ({Better is} 22... Qd8 $17 23. c4 Qb6)) 8... O-O 9. a4 $146 ({RR} 9. Nf3 Nc6 10. h3 h6 11. Nd5 Nd7 12. c4 e6 13. Nc3 Nde5 14. Be3 Qc7 15. Rc1 Bd7 16. Bf1 Nxf3+ 17. Qxf3 Ne5 18. Qe2 Rac8 19. b3 g5 20. Red1 Ng6 21. Qd2 Rfd8 22. Qxd6 Qxd6 23. Rxd6 Bc6 {Poliakova,V (1959)-Mammadzada,G (2449) Samarkand UZB 2023 ½-½ (78)}) 9... b6 10. Bf1 Bb7 11. Bg5 h6 12. Be3 Nbd7 13. f3 Qc7 14. Qd2 Kh7 15. Rad1 Rfd8 16. Qf2 e6 17. Nb3 Bc6 18. Nd4 Bb7 {The position is equal.} 19. Nb3 Bc6 20. Nd4 Bb7 {Accuracy: White = 93%, Black = 100%.} 1/2-1/2

[Event "Sharjah Master 2024"]
[Site "Shsrjah - Abu Dhabi"]
[Date "2024.05.22"]
[Round "?"]
[White "Salem, A.R. Saleh"]
[Black "Vokhidov, Shamsiddin"]
[Result "0-1"]
[WhiteElo "2629"]
[BlackElo "2591"]
[PlyCount "76"]
[EventDate "2024.05.14"]
[EventCountry "UAE"]

{[%evp 20,76,9,-7,7,-13,-2,-23,0,1,-4,-39,-43,-49,20,17,17,19,31,0,74,-25,-22,-26,-34,-135,-142,-178,-171,-176,-87,-93,-98,-242,-229,-243,-251,-264,-266,-343,-342,-335,-312,-389,-389,-389,-374,-414,-323,-423,-397,-399,-392,-390,-389,-389,-378,-476,-449]} 1. d4 Nf6 2. c4 e6 3. Nc3 Bb4 4. e3 O-O 5. Bd3 d5 6. Nf3 dxc4 7. Bxc4 c5 8. O-O cxd4 9. exd4 b6 10. Bg5 Bb7 11. Re1 Nbd7 12. Bb3 Rc8 13. Re3 Qc7 {Black has an edge.} 14. Nb5 Qb8 {aiming for ...Ng4.} 15. Ne5 Nxe5 16. Rxe5 Nd5 17. Qg4 Kh8 18. a3 Bd6 19. Bxd5 (19. Nxd6 {feels hotter.} Qxd6 20. Rae1 Nf6 21. Qh4 Ng8 22. Bd2) 19... Bxe5 $6 {Inaccuracy. Bxd5 was best.} (19... Bxd5 20. Bf4 Rfd8 21. Rxd5 Bxf4 22. Rxd8+ Rxd8 23. g3 a6 24. Na7 Qxa7 25. Qxf4) 20. dxe5 $6 {Inaccuracy. Bxb7 was best.} (20. Bxb7 Bxh2+) (20. Bxb7 $16 Bxh2+ 21. Kh1 Qxb7 22. Kxh2) 20... Bxd5 $11 21. Nd6 {Intending Bf6! and mate.} Rc7 {Strongly threatening ...f6.} 22. Rd1 $2 {Mistake. Qh4 was best.} (22. Qh4 $1 Qa8 23. Bf6 Rg8 24. Be7 {[%cal Rd6f7]} Rgc8 25. Nxc8 Qxc8 26. h3 Bxg2 27. Bf6 Be4) ({Only move:} 22. Qh4 $1 $15) 22... f6 $17 23. Bf4 Qd8 24. h4 Rd7 (24... Qe7 $19 {Hoping for ...Rc2.} 25. f3 Rc2) 25. Rd3 {[#]} Be4 $1 {[%mdl 512]} 26. Rg3 $2 {[#] Mistake. Rd4 was best.} (26. Rd4) (26. Rd4 $17 {is a better defense.}) (26. Nxe4 Rxd3) 26... Bf5 $1 $19 {[%cal Rf5g4]} 27. Qf3 $6 {Inaccuracy. Qh5 was best.} (27. Qh5 Qe7 28. b4 {[#]} Kg8 $1 29. Qd1 fxe5 30. Bxe5 Qxh4 31. Qb3 Kh8 32. Qf3 Qd8) (27. Nxf5 exf5) 27... fxe5 28. Bxe5 Bg6 ({Weaker is} 28... Rxd6 29. Bxg7+ Kg8 30. Bh6+ Bg6 31. Bxf8 $15) ({But not} 28... Qxh4 29. Qc6 $19) 29. Qc6 Rc7 30. Qa4 {[#]} Rc5 $1 {[%cal Rc5e5]} 31. Nb7 Rc1+ 32. Kh2 Qd5 33. Qb4 {[%cal Rb4f8]} Rcc8 $6 {Inaccuracy. Rxf2 was best.} (33... Rxf2 34. Qd6 Kg8 35. a4 Rf5 36. Bc3 Qxd6 37. Nxd6 Rf4 38. Rh3 Rc2 39. Kg3) 34. Rg5 $6 {Inaccuracy. f4 was best. Black must now prevent Bxg7+!} (34. f4 Qxb7 35. h5 Bxh5 36. Rxg7 Qxg7 37. Bxg7+ Kxg7 38. Qd4+ Kg8 39. Qd7 Rce8) 34... Qxb7 35. h5 Rf5 36. Qh4 Rxg5 37. Qxg5 Qf7 38. h6 Kg8 {Accuracy: White = 45%, Black = 76%.} 0-1

[Event "Sharjah Master 2024"]
[Site "Shsrjah - Abu Dhabi"]
[Date "2024.05.22"]
[Round "?"]
[White "Yu, Yangyi"]
[Black "Gurel, Ediz"]
[Result "1-0"]
[WhiteElo "2728"]
[BlackElo "2578"]
[PlyCount "123"]
[EventDate "2024.05.14"]
[EventCountry "UAE"]

{[%evp 17,123,39,48,18,19,13,17,7,19,0,31,0,0,0,32,0,0,0,25,0,0,0,0,0,0,0,0,0,0,0,0,0,0,0,0,0,0,-12,-17,-31,3,1,3,2,22,-32,-16,-23,20,-22,-36,-12,60,60,105,106,146,139,119,70,122,122,225,211,195,195,209,63,107,101,113,116,115,92,151,158,227,206,229,247,264,264,256,256,229,199,182,223,242,253,317,308,345,342,338,324,458,449,424,409,441,457,452,451,753,535,29983,29984]} 1. e4 e5 2. Nf3 Nf6 3. Nxe5 d6 4. Nf3 Nxe4 5. d4 d5 6. Bd3 Bd6 7. O-O O-O 8. c4 c6 9. Re1 Bf5 10. Qc2 Na6 {[%cal Bb8a6,Ba6c7,Bc7e6][%mdl 32]} 11. a3 Bg6 12. c5 {The position is equal.} ({RR} 12. Be3 Rc8 13. Nc3 Nxc3 14. Qxc3 Bxd3 15. Qxd3 dxc4 16. Qxc4 Nc7 17. Qb3 b6 18. Rac1 Nd5 19. Bd2 Re8 20. Qa4 Rxe1+ 21. Rxe1 a5 22. h3 f6 23. Rc1 Qd7 24. h4 g6 25. Qc2 Kg7 26. Re1 Re8 {Vidit,S (2742)-Nepomniachtchi,I (2769) Wijk aan Zee NED 2024 ½-½ (55)}) 12... Bb8 13. Nc3 $146 {[%cal Rc3e4,Bb1c3,Bc3e2,Be2f4][%mdl 32]} ({RR} 13. b4 Nc7 14. Nbd2 f5 15. Bb2 Ne6 16. Rad1 (16. Ne5 $17) 16... Bh5 17. Ra1 Qf6 18. Bf1 (18. Ne5 $142) 18... Bf4 19. g3 Bxd2 20. Nxd2 Nxd4 21. Bxd4 Qxd4 22. Nb3 Qf6 23. Bg2 Rae8 24. f3 Ng5 25. Qd3 (25. f4 $142 Ne4 26. Re3) 25... f4 26. g4 Bxg4 27. fxg4 f3 {Duda,J (2731)-Yeletsky,I (2504) chess.com INT 2024 0-1 (32)}) 13... f5 14. Ne2 (14. Qb3 $5 {[%cal Rb3b7]} Bh5 15. Bxe4 (15. Nxe4 fxe4 16. Rxe4 Bxf3 $11) 15... fxe4 16. Nxe4 $11) 14... Nc7 15. Nf4 Be8 16. Ne5 g5 17. Ne2 (17. Bxe4 fxe4 18. Ne2 Qe7 $15) 17... Ne6 18. f3 $1 Qf6 {And now ...Nxd4! would win.} 19. fxe4 fxe4 {White must now prevent ...Qf2+.} 20. Ng4 Qg6 21. Bxe4 Qxe4 22. Qxe4 dxe4 23. Be3 Bh5 24. Nf2 Bf4 25. Ng3 Bxg3 26. hxg3 Bg6 27. a4 Rad8 28. Red1 Rd5 29. a5 a6 30. Ra4 Rfd8 31. Rc4 Kg7 32. Rd2 h6 33. Nd1 Nc7 34. Rb4 Nb5 35. Nc3 R5d7 {[#]} 36. d5 $1 {[%mdl 512]} cxd5 37. Nxb5 axb5 38. Rdd4 Kf6 39. Rxb5 Ke5 $2 {Mistake. Bh5 was best.} (39... Bh5) (39... Kf5 $16) 40. Rdb4 $1 $18 Kf5 41. Bd4 $1 Ra8 42. Kf2 $6 {Inaccuracy. Rxb7 was best.} (42. Rxb7 Rxb7 43. Rxb7 e3 (43... Rxa5 $16 44. Rd7 e3) 44. Bxe3 Ke4 45. Re7+ Kd3 46. c6 Rxa5 47. g4 Ra8) (42. Rxb7 $18 Rxb7 43. Rxb7) 42... Kg4 43. Rxb7 Rxb7 44. Rxb7 {aiming for Rb6.} Rxa5 $16 {[%mdl 4096] Endgame KRB-KRB} 45. Rd7 Ra4 46. Rxd5 Rc4 $6 {Inaccuracy. Be8 was best.} (46... Be8 47. Ke3 Ra6 48. Be5 Bb5 49. Rd8 Ra1 50. Bc3 Ra6 51. Rb8 Bf1 52. b4) 47. Ke3 $1 Kxg3 $6 {Inaccuracy. Be8 was best.} (47... Be8 48. Rd8 $1 {[%cal Rd8e8]} Ba4 49. Rb8 $1 Rc2 50. Kxe4 Kxg3 51. Kd5 h5 52. b3 Bd7 53. Kd6 $1) 48. Rd6 Be8 49. Rxh6 ({Not} 49. Kxe4 h5 $16) 49... g4 {[#]} 50. Re6 $1 {[%cal Re6e8]} ({Don't take} 50. Kxe4 $6 Kxg2 51. Re6 Bd7 $16) 50... Bd7 51. Re7 ({Don't do} 51. Rxe4 $6 Kxg2 52. Re7 Bc6 $16) 51... Bf5 52. Rf7 Be6 53. Rf6 Bd7 $6 {Inaccuracy. Bd5 was best.} (53... Bd5 54. Rg6 Ba8 55. Be5+ Kxg2 56. Rxg4+ Kh3 57. Rg3+ Kh4 {[#]} 58. Rg8 $1 {[%cal Rg8a8]} Bd5 59. Bf6+) 54. Kxe4 Kxg2 55. Kd5 Rc1 56. c6 Be8 (56... Bc8 $142 57. b4 Ba6) 57. b4 $18 Rb1 58. Kc5 Rc1+ 59. Kb6 g3 60. Bc5 Kh3 $6 {Inaccuracy. Re1 was best.} (60... Re1 61. Rf8 Bh5 62. c7 Bg4 63. c8=Q Bxc8 64. Rxc8 Kf3 65. Rf8+ Kg4 66. Rg8+) (60... Rc4 $142 61. b5 Rh4) 61. Rf8 g2 $6 {Inaccuracy. Bxc6 was best. intending ...Rxc5.} (61... Bxc6 62. Kxc6 Kg4 63. b5 Rh1 64. Rg8+ Kf3 65. b6 Rh6+ 66. Bd6 Rh7 67. Bxg3) 62. Rxe8 {Accuracy: White = 81%, Black = 57%.} 1-0

[Event "Sharjah Master 2024"]
[Site "Shsrjah - Abu Dhabi"]
[Date "2024.05.22"]
[Round "?"]
[White "Mendonca, Leon Luke"]
[Black "Zemlyanskii, Ivan"]
[Result "0-1"]
[WhiteElo "2640"]
[BlackElo "2516"]
[PlyCount "92"]
[EventDate "2024.05.14"]
[EventCountry "UAE"]

{[%evp 14,92,32,33,33,31,33,27,40,3,66,48,114,46,48,34,78,74,79,77,77,75,82,79,67,-92,-90,-106,-71,-75,-24,-37,-25,-35,-12,-199,-199,-199,-200,-202,-187,-187,-190,-188,-192,-211,-207,-204,-202,-273,-269,-320,-215,-256,-249,-272,-201,-190,-173,-323,-284,-284,-284,-288,-281,-287,-288,-288,-288,-338,-245,-277,-221,-473,-464,-462,-429,-453,-446,-438,-428]} 1. e4 c5 2. Nf3 d6 3. d4 cxd4 4. Nxd4 Nf6 5. Nc3 a6 6. Bd3 g6 7. f3 Bg7 8. Be3 Nbd7 9. Qd2 b5 10. O-O-O Bb7 {White has an edge.} 11. Kb1 $146 ({RR} 11. Bh6 Bxh6 12. Qxh6 b4 (12... Qb6 $5 {[%cal Rb6d4]} 13. Nb3 Rc8 $11) 13. Nd5 Nxd5 14. exd5 Bxd5 15. Qg7 Rf8 16. Rhe1 Qa5 ({Better is} 16... e6 $11) 17. Be4 (17. Bc4 $5 {[%cal Rd4b3]} Bb7 18. Qxh7 $11) 17... O-O-O (17... Rc8 $11 18. Bxd5 Qxd5) 18. Bxd5 Qxd5 19. Ne6 Qxa2 20. Nxf8 Rxf8 $2 (20... Ne5 $16 {is a better defense.}) 21. Rxe7 Rd8 22. Rxd6 Qa1+ 23. Kd2 Qa5 24. h4 $2 (24. Qxf7 $18 {and White stays clearly on top.} Qg5+ 25. Ke1 Qc1+ 26. Kf2 Qxc2+ 27. Kg3) 24... Nc5 $2 {[%mdl 8192]} (24... Qc5 $16 {is a better chance.} 25. Qd4 Qxd4+ 26. Rxd4 a5 27. Rxf7 h6) 25. Qd4 b3+ {Pichot,A (2644)-Shuvalova,P (2455) chess.com INT 2024 1-0}) 11... O-O 12. h4 h5 13. Bh6 e5 14. Nb3 Rc8 15. g4 b4 16. Ne2 hxg4 17. Ng3 gxf3 {And now ...Bxh6 would win.} 18. Bxg7 Kxg7 19. Qg5 $4 {Blunder. h5 was best.} (19. h5 Rh8 20. hxg6 fxg6 21. Rxh8 Qxh8 22. Na5 Ba8 23. Qg5 Kf7 24. Nc4 Ke7) (19. h5 $14 {stays ahead.}) 19... Nh7 $17 20. Qg4 Ndf6 21. Qxf3 d5 22. h5 dxe4 ({Not} 22... Ng5 23. Qe3 $18) 23. Nxe4 Qe7 24. Rhg1 $4 {Blunder. hxg6 was best.} (24. hxg6 Bxe4 25. Qxe4 Nxe4 26. Rxh7+ Kf6 27. Bxe4 Rcd8 28. Rf1+ Ke6 29. a4 bxa3) (24. hxg6 $11 Bxe4 25. Qxe4 $1 {[%mdl 512]} Nxe4 26. Rxh7+ Kxg6 27. Bxe4+ Kf6 28. Rf1+ Ke6 29. Rh6+ Kd7 30. Bf5+ Kc7 31. Bxc8) 24... Nxe4 $1 $19 25. Bxe4 Ng5 $1 {[%cal Rg5f3]} 26. Rxg5 Bxe4 27. Qxe4 Qxg5 28. hxg6 Rcd8 ({Resist} 28... Qxg6 29. Qxe5+ Kg8 30. Qh2 $15) 29. Rh1 fxg6 30. Qxb4 Rde8 31. a3 Qg2 32. Qe1 Qd5 $6 {Inaccuracy. Rf2 was best.} (32... Rf2 33. Rg1 Qf3 34. a4 e4 35. Nd4 Qf6 36. Qe3 Rf1+ 37. Rxf1 Qxf1+ 38. Ka2) 33. Rg1 e4 34. Qg3 Re6 35. Qe3 Ref6 36. Rg5 $2 {Mistake. Nd2 was best.} (36. Nd2 Rf5 37. Rh1 Rh5 38. Re1 Re8 39. Nxe4 Rh4 40. Qc3+ {[#]} Kh6 $1 41. Nf2 Rxe1+) (36. Nd2 {was worth a try.}) 36... Rf5 37. Rg2 Rf3 38. Qa7+ R8f7 39. Qxa6 R3f6 40. Qc8 Qe5 41. Qh3 $6 {Inaccuracy. Qg4 was best. intending Rh2.} (41. Qg4 e3 42. Nc1 Qd6 43. Qc4 Rf4 44. Qc3+ {[#]} Qd4 $1 45. Qxd4+ Rxd4 46. Rg1 Rd2) 41... Rf3 $6 {Inaccuracy. Rf1+ was best.} (41... Rf1+ 42. Ka2 R1f2 43. Rxf2 Rxf2 44. Qd7+ Rf7 45. Qg4 Rb7 46. Qg2 Rd7 47. Qh3) 42. Qh4 Qf4 $6 {Inaccuracy. R3f4 was best.} (42... R3f4 43. Qg3 Rf1+ 44. Ka2 Qxg3 45. Rxg3 R1f2 46. Re3 Rxc2 47. Nd4 Rd2 48. Ne6+) 43. Qd8 $4 {[#] Blunder. Rg4 was best.} (43. Rg4 Qf5 44. Rxe4 g5 45. Qg4 Qxg4 46. Rxg4 Kh6 47. Nd2 R3f4 48. Rg3 Kh5) (43. Rg4 $142 Qf6 44. Qxf6+ Kxf6 45. Rxe4) 43... Rxb3 $1 {[%mdl 512] Black is clearly winning.} 44. Qd4+ (44. cxb3 Qf1+) 44... Kh7 {Threatens to win with ...Qf1+.} 45. Ka2 Rf3 46. Rg1 {aiming for Rh1+.} Rh3 {Accuracy: White = 50%, Black = 71%.} 0-1

[Event "Sharjah Master 2024"]
[Site "Shsrjah - Abu Dhabi"]
[Date "2024.05.22"]
[Round "?"]
[White "Mishra, Abhimanyu"]
[Black "Sankalp Gupta"]
[Result "1-0"]
[WhiteElo "2634"]
[BlackElo "2531"]
[PlyCount "123"]
[EventDate "2024.05.14"]
[EventCountry "UAE"]

1. e4 e5 2. Nf3 Nf6 3. d4 Nxe4 4. Bd3 d5 5. Nxe5 Nd7 6. O-O Nxe5 7. dxe5 Nc5 8. Be3 Nxd3 9. Qxd3 c6 10. f4 g6 11. Nd2 $146 ({RR} 11. Nc3 Bf5 12. Qd2 Be7 13. Ne2 c5 14. c3 Qd7 15. Ng3 Rd8 16. Nxf5 Qxf5 17. Rad1 O-O 18. Qf2 b6 19. Qf3 Qe4 20. Qxe4 dxe4 21. Kf2 f5 22. exf6 Bxf6 23. Ke2 Kf7 24. Rxd8 Rxd8 25. f5 c4 {Vokhidov,S (2596)-Paravyan,D (2612) chess.com INT 2024 ½-½ (37)}) ({RR} 11. Nc3 Bf5 12. Qd2 Qa5 13. Qf2 Be7 14. Ne2 Bxc2 15. Ng3 Bd3 16. Rfd1 Bf5 17. Nxf5 gxf5 18. Qc2 Rg8 19. a3 Qb5 20. Rd2 Rg6 21. Kh1 Rd8 22. Qxf5 Bc5 23. Bxc5 Qxc5 24. Qh3 Qc4 25. f5 Rg5 {Atabayew,S (2506)-Madaminov,M (2512) Tashkent UZB 2024 ½-½ (33)}) ({RR} 11. Nc3 Be7 12. Ne2 Bf5 13. Qb3 Qd7 14. Ng3 b5 15. Nxf5 Qxf5 16. a4 b4 17. c4 bxc3 18. Qxc3 Rc8 19. Bxa7 c5 20. Rad1 Qe4 21. a5 d4 22. Qc4 O-O 23. Bb6 Rc6 24. Rde1 Qf5 25. b4 Rfc8 {Idani,P (2605)-Sankalp,G (2532) chess.com INT 2024 1-0 (39)}) 11... Bf5 12. Qb3 Qd7 13. Qc3 Bg7 14. b4 O-O 15. a4 f6 16. Nf3 Be4 17. Bd4 fxe5 18. Nxe5 Bxe5 19. Bxe5 h6 20. Rf2 Kh7 21. a5 Rf7 22. Bd4 a6 23. h3 g5 24. fxg5 Rxf2 25. Bxf2 hxg5 $4 {Blunder. Rg8 was best.} (25... Rg8) 26. Bc5 Qg7 27. Bd4 Qg8 28. Rf1 $6 {Inaccuracy. b5 was best.} (28. b5 axb5 29. Qg3 Rf8 30. a6 bxa6 31. Rxa6 Rf4 32. Rxc6 Qf8 33. Qxg5 Rf1+) 28... Rf8 29. Rxf8 $2 {Mistake. Re1 was best.} (29. Re1 Qf7 30. Qc5 Qf5 31. Qd6 Qf4 32. Qe7+ Rf7 33. Qe8 Kh6 34. Qh8+ Rh7) 29... Qxf8 30. Qg3 Kg6 $4 {Blunder. Qf4 was best.} (30... Qf4) 31. Qe5 $6 {Inaccuracy. Qc7 was best.} (31. Qc7 Bxc2 32. Qxb7 Ba4 33. Qxa6 Bb5 34. Qa7 Qf1+ 35. Kh2 Qf4+ 36. Kh1 Qf1+) 31... Bf5 $6 {Inaccuracy. Bxc2 was best.} (31... Bxc2 32. Qe6+) 32. c3 Qf7 33. Qd6+ $2 {Mistake. g4 was best.} (33. g4 Bd3 34. Qd6+ Kh7 35. Kh2 Qf4+ 36. Qxf4 gxf4 37. Be5 d4 38. cxd4 f3) 33... Be6 $4 {Blunder. Qe6 was best.} (33... Qe6 34. Qc7 g4 35. Qg3 Qe4 36. h4 Bd7 37. Kh1 Be6 38. Qf2 Kh5 39. Kg1) 34. Qe5 $2 {Mistake. g4 was best.} (34. g4 Qd7 35. Qe5 Qe7 36. Kg2 c5 37. bxc5 Kf7 38. Qh8 Bc8 39. Be5 Qxc5) 34... Bf5 35. Qg3 $2 {Mistake. g4 was best.} (35. g4 Bd3 36. Qd6+ Kh7 37. Kh2 Be2 38. Qe5 Qf4+ 39. Qxf4 gxf4 40. Be5 d4) 35... Be6 36. Be3 Qf5 37. Qd6 Qe4 38. Qg3 Qf5 39. Qb8 Qe4 40. Bd4 g4 41. Qg3 Qb1+ 42. Kh2 Qe4 43. h4 Kf5 44. Kh1 Qf4 45. Qd3+ Qe4 46. Qf1+ Qf4 47. Qb1+ Qe4 48. Qd1 Qf4 49. Kg1 {Threatens to win with Qd3+.} Kg6 50. Qe1 Qe4 51. Qf2 {Qf6+ would kill now.} Bf5 52. Qd2 Qe7 53. Bf2 Bd7 54. Qf4 {Strongly threatening Qc7.} Qf6 $6 {Inaccuracy. Bc8 was best.} (54... Bc8 55. Bg3) (54... Bc8 $16 55. g3 Qe4) 55. h5+ Kf7 56. Qc7 Ke8 $4 {Blunder. Qf5 was best.} (56... Qf5 57. Qxb7 Qb1+ 58. Kh2 Qf5 59. Bg3 Qxh5+ 60. Kg1 Qf5 61. Qxa6 Qb1+ 62. Qf1+) (56... Qf5 $16 57. Bd4 (57. Qxb7 Qb1+ 58. Kh2 Qf5 $16) 57... Ke8 58. Qb8+ (58. Qxb7 Qb1+ 59. Kh2 g3+ {[%mdl 64] Decoy} 60. Kxg3 Qe1+ 61. Kh2 Qh4+ {[%mdl 64] Double Attack} 62. Kg1 Qe1+ 63. Kh2 Qh4+ {[%mdl 64] Double Attack} 64. Kg1 Qe1+ 65. Kh2 $11) 58... Kf7) 57. Qb8+ $18 ({Don't take} 57. Qxb7 $6 Qxc3 58. Qxa6 (58. Qb8+ Kf7 $16) 58... g3 $18) 57... Qd8 58. Qxb7 Qg5 59. Qxa6 {aiming for Qe2+.} Qxh5 60. Qe2+ Kd8 $2 (60... Kf7 $18 61. a6 Bc8) 61. Bb6+ Kc8 62. Qa6+ 1-0